| 000 | 00638nam a2200229Ia 4500 | ||
|---|---|---|---|
| 001 | 9323 | ||
| 003 | GE_BSU | ||
| 008 | 181216s||||||||xx |||||||||||||| ||und|| | ||
| 040 | _cGE_BSU | ||
| 080 | _a821.353.1–11 | ||
| 100 | _aმალაზონია,ნესტორ | ||
| 245 | _aგულიზარ.პოემა | ||
| 245 | _bპოემა | ||
| 245 | _cრედ.პ.ლორია | ||
| 260 | _aბათუმი | ||
| 260 | _bაჭარის სახელგამი | ||
| 260 | _c1940 | ||
| 300 | _a184გვ.17სმ. | ||
| 653 | _aგულიზარ. | ||
| 653 | _aპოემა | ||
| 942 | _cBK | ||
| 999 |
_c42619 _d42619 |
||